| 000 | 004990000a22001930004500 | ||
|---|---|---|---|
| 003 | LK-CoMWRAF | ||
| 005 | 20231027111800.0 | ||
| 008 | 230817t ||||| |||| 00| 0 eng d | ||
| 020 | _a8187570288 | ||
| 040 |
_aLK-CoMWRAF _dLK-CoMWRAF _eLK-CoMWRAF |
||
| 041 | _aeng | ||
| 082 |
_a297 _bKHA |
||
| 100 | _aKhan, Maulana Wahiduddin | ||
| 245 | _aIslam and peace | ||
| 260 |
_aNew Delhi (India) : _bGoodword, _c1999 |
||
| 300 | _a197p | ||
| 650 | _aIslam--Sciences or Social services; | ||
| 942 | _cBK | ||
| 999 |
_c1506 _d1506 |
||